000 00485nam a2200169Ia 4500
008 090711s9999 xx 000 0 und d
082 _b68989
100 _aपरुळेकर आशा
245 _aरु प संवर्धन
260 _c1992
300 _a185
600 _aपरुळेकर आशा
630 _aरु प संवर्धन
700 _aपरुळेकर आशा
730 _aरु प संवर्धन
942 _cBOOK
999 _c308793
_d308793